00822cam a2200241 a 450000100090000000300050000900500170001400800410003101000170007202000150008904000180010405000220012208200170014424500890016124600300025025000180028026000670029830000490036565000360041470000200045070000190047085600910048912915459Nust20170105101615.0020904s2002 nyuab e d 000 0 eng  a 2002523928 a0198606524 aDLCcDLCdDLC00aPE1625b.O86 200200a423221bPEA04aThe Oxford English reference dictionary /cedited by Judy Pearsall and Bill Trumble.30aOxford English dictionary a2nd ed., rev. aOxford, England ;aNew York :bOxford University Press,c2002. axx, 1765, 16 p. :bill., col. maps ;c27 cm. 0aEnglish languagevDictionaries.1 aPearsall, Judy.1 aTrumble, Bill.423Publisher descriptionuhttp://www.loc.gov/catdir/enhancements/fy0614/2002523928-d.html